| 000 | 00840nam a2200229 a 4500 | ||
|---|---|---|---|
| 001 | 78271 | ||
| 003 | BD-RjUL | ||
| 005 | 20211209083118.0 | ||
| 008 | 210831s1983 bg ||||| |||| 00| 0 ben d | ||
| 035 | _a(BD-RjUL)78497 | ||
| 040 |
_aBD-RjUL _beng _cBD-RjUL |
||
| 041 | _aben | ||
| 082 |
_223 _a891.4409 _bSHB 1983 |
||
| 100 |
_aশরীফ, আহমদ _9247289 |
||
| 245 |
_aবাঙালী ও বাঙলা সাহিত্য / _cআহমদ শরীফ |
||
| 260 |
_aঢাকা : _bবাংলা একাডেমী, _c১৯৮৩ |
||
| 300 |
_aখণ্ড; _c২১ সেমি. |
||
| 505 | 0 | 1 | _aখণ্ড.২ -- |
| 650 |
_aবাংলা সাহিত্য _xইতিহাস ও সমালোচনা _9247290 |
||
| 650 |
_aBengali Lillterature _xHistory and Criticism _9247291 |
||
| 942 |
_2ddc _cBK |
||
| 999 |
_c78271 _d78271 |
||